000 00606nam a2200217Ia 4500
003 OSt
005 20220928151606.0
006 a|||||r|||| 00| 0
007 ta
008 220927b |||||||| |||| 00| 0 eng d
024 _a128891
037 _cTextual
040 _aSDCL
_cSDCL
_beng
041 _2eng
_aeng
082 _aO-,2J64,5:g, H9-H9;6
100 _aKnight G Wilson
245 0 _aWheel of fire
_b Interpretations of Shakespearian tragedy with three new essays.
260 _c1949
942 _hO-,2J64,5:g, H9-H9;6
_cTEXL
_2CC
999 _c852078
_d852078